000 00370nam a2200133Ia 4500
005 20260328104345.0
008 260328s9999||||xx |||||||||||||| ||und||
100 _aJacobs, Jane
245 4 _aThe Death and Life of Great American Cities, the failure of Town Planning /
_cJane Jacobs
260 _bPelican Books
300 _a474 p.
650 _aURBANISMO
942 _cBK
999 _c12288
_d12288